[Event "Cto Equipos Aragon 2012 Div. Honor B "]
[Site "Aragon"]
[Date "2012.02.11"]
[Round "2.24"]
[White "Galvez Perez Jose Luis"]
[Black "Sacristan Latorre Alberto"]
[Result "1-0"]
[WhiteElo "1979"]
[BlackElo "1989"]

1.c4 e5 2.Nc3 Nc6 3.g3 d6 4.Bg2 g6 5.Nf3 Bg7 6.d3 f5 7.O-O h6 8.Rb1 Nf6 9.b4
O-O 10.b5 Ne7 11.a4 g5 12.h4 e4 13.dxe4 fxe4 14.Nxg5 hxg5 15.hxg5 Ng4 16.Nxe4
Qe8 17.f3 Ne5 18.Bb2 Nf5 19.Qc1 Qg6 20.f4 Ng4 21.Bxg7 Qh5 22.Rf3 Kxg7 23.Qc3+
Kg6 24.Nf2 Qh2+ 25.Kf1 Ne7 26.e4 Nxf2 27.f5+ Nxf5 28.Kxf2 Qh8 29.Qxh8 Rxh8 30.
exf5+ Bxf5 31.Re1 Rae8 32.Rfe3 Rxe3 33.Rxe3 Rf8 34.Ke1 b6 35.Kd2 Rf7 36.Kc3
Kxg5 37.Kd4 Bd7 38.Bd5 Rg7 39.Be6 Bxe6 40.Rxe6 Kf5 41.Re3 Kf6 42.a5 Rg5 43.a6
Kf7 44.Ke4 Rc5 45.Kd3 Rg5 46.Ke4 Re5+ 47.Kf4 Rc5 48.Re4 d5 49.cxd5 Rxd5 50.Rc4
Rd7 51.Rc6 Ke7 52.Ke5 Kd8 53.g4 Rg7 54.Kf5 Rd7 55.g5 Ke7 56.Kg6 Kf8 57.Kh6 Kg8
58.g6 Re7 59.Kg5 Kg7 60.Kf5 Rd7 61.Ke6 Rd1 62.Rxc7+ Kxg6 63.Rxa7 Rb1 64.Rb7
Rxb5 65.Kd7 Kf6 66.a7 Ra5 67.Rxb6+ Kf7 68.Rb7 Kf6 69.Kc7 Ke6 70.Kb8 Rh5 71.
a8=Q Rh8+ 72.Ka7 Rxa8+ 73.Kxa8 1-0

[Event "Cto Equipos Aragon 2012 Div. Honor B "]
[Site "Aragon"]
[Date "2012.02.11"]
[Round "2.25"]
[White "Quintin Navarro Alberto"]
[Black "Colas Longares Rafael P"]
[Result "1-0"]
[WhiteElo "2201"]
[BlackElo "2321"]

1.d4 f5 2.g3 Nf6 3.Bg2 g6 4.c4 Bg7 5.Nf3 O-O 6.O-O d6 7.Nc3 Qe8 8.Qb3 c6 9.Qa3
Na6 10.Rd1 h6 11.b4 e5 12.b5 exd4 13.Nxd4 c5 14.bxa6 cxd4 15.Rxd4 Ne4 16.Bxe4
fxe4 17.Rxe4 Qd8 18.Bb2 Qb6 19.e3 bxa6 20.Rb1 Bf5 21.Nd5 Qd8 22.Re7 Rf7 23.
Rxf7 Kxf7 24.Rd1 Bg4 25.f3 Bxb2 26.Qxb2 Bd7 27.Qd4 Be6 28.Rb1 1-0

[Event "Cto Equipos Aragon 2012 Div. Honor B "]
[Site "Aragon"]
[Date "2012.02.11"]
[Round "2.26"]
[White "Garcia Vicente Nieves"]
[Black "Gimenez Martinez Alberto"]
[Result "1-0"]
[WhiteElo "2198"]
[BlackElo "2170"]

1.d4 d5 2.c4 e6 3.Nc3 Nf6 4.Bg5 Be7 5.e3 h6 6.Bxf6 Bxf6 7.Nf3 O-O 8.Qd2 c6 9.
O-O-O Nd7 10.h4 dxc4 11.Bxc4 b5 12.Bb3 a5 13.Ne4 Be7 14.Kb1 Bb7 15.Qe2 Qb6 16.
Ne5 Nxe5 17.dxe5 c5 18.Bc2 Bd5 19.Qg4 f5 20.exf6 Bxf6 21.Qg6 Bxe4 22.Qxe4 Rad8
23.g4 Rxd1+ 24.Rxd1 Rd8 25.Rh1 Rd2 26.g5 Rxc2 27.Kxc2 hxg5 28.hxg5 Bxg5 29.f4
Bf6 30.Rd1 c4 31.f5 e5 32.Qd5+ 1-0

[Event "Cto Equipos Aragon 2012 Div. Honor B "]
[Site "Aragon"]
[Date "2012.02.11"]
[Round "2.28"]
[White "Cid Royo Oscar"]
[Black "Jaques Burguete Raul"]
[Result "1-0"]
[WhiteElo "2037"]
[BlackElo "2032"]

1.d4 d5 2.Nf3 Nf6 3.g3 Bg4 4.Bg2 c6 5.O-O Nbd7 6.b3 g6 7.Bb2 h5 8.Nbd2 Bg7 9.
c4 Bxf3 10.Bxf3 h4 11.e4 dxe4 12.Nxe4 Nxe4 13.Bxe4 Qb6 14.Qf3 Bxd4 15.Bxd4
Qxd4 16.Rad1 Qf6 17.Qe3 Qe6 18.Rfe1 hxg3 19.hxg3 O-O-O 20.Qxa7 Kc7 21.Bg2 Qf6
22.b4 Ne5 23.Rxd8 Nf3+ 24.Bxf3 Rxd8 25.Qa5+ Kc8 26.Bg4+ e6 27.b5 Qg5 28.Qa8+
1-0

[Event "Cto Equipos Aragon 2012 Div. Honor B "]
[Site "Aragon"]
[Date "2012.02.11"]
[Round "2.29"]
[White "Forcen Esteban Daniel"]
[Black "Martinez Catalan Fco  Javier"]
[Result "1-0"]
[WhiteElo "2428"]
[BlackElo "2245"]

1.e4 c6 2.d4 d5 3.e5 Bf5 4.Nc3 e6 5.g4 Bg6 6.Nge2 c5 7.h4 h5 8.Nf4 Bh7 9.Nxh5
Nc6 10.Bb5 cxd4 11.Qxd4 Ne7 12.Bh6 Rg8 13.Bg5 Qc7 14.O-O-O a6 15.Qa4 Rc8 16.
Bxc6+ Nxc6 17.f4 Bb4 (17...d4 18.Rxd4 Bxc2 (18...b5 19.Nxb5 axb5 20.Qxb5 Rb8
21.Qa4 Qb7) 19.Kxc2 b5 20.Qxa6 Nxd4+ 21.Kb1 Bb4 22.Rc1 Qc4) 18.f5 Bxc3 19.bxc3
exf5 20.Rhe1 fxg4 21.Nf6+ gxf6 22.exf6+ Be4 23.Rxd5 Rxg5 24.Rxe4+ 1-0

[Event "Cto Equipos Aragon 2012 Div. Honor B "]
[Site "Aragon"]
[Date "2012.02.11"]
[Round "2.30"]
[White "Valles Mata David"]
[Black "Baron Rodriguez Jesus"]
[Result "0-1"]
[WhiteElo "2184"]
[BlackElo "2449"]

1.e4 e5 2.Nf3 Nc6 3.Bc4 Nf6 4.Ng5 d5 5.exd5 b5 6.Bxb5 Qxd5 7.Bf1 Bc5 8.d3 (8.
Nc3 Bxf2+ 9.Kxf2 Qd4+ 10.Ke1 Qh4+ 11.g3 Qxg5 12.d4 Qg6) 8...Bg4 (8...h6 9.Nc3
Bxf2+ 10.Kxf2 Qd4+ 11.Ke1 hxg5 12.Bxg5 Rb8) 9.f3 Bf5 10.Nc3 Qd4 11.Qe2 O-O 12.
g4 Bg6 (12...Bb4 13.Be3 Bxc3+ 14.Kf2 Qb4 15.bxc3 Qxc3 16.Rb1 Be6) 13.Nge4 Nxe4
14.fxe4 Qd8 15.Be3 Nd4 16.Bxd4 Bxd4 (16...exd4 17.Na4 Bb4+ 18.c3 dxc3 19.Nxc3
Qh4+ 20.Kd1 Bxc3 21.bxc3 f5) 17.h4 f6 18.Nd1 Rb8 19.c3 Bc5 20.Rh2 a5 21.Ne3 a4
22.Nc4 Bf7 23.Qc2 Qd7 24.Be2 Rfd8 25.O-O-O c6 26.g5 Qe7 27.gxf6 Qxf6 28.Rf1
Qh6+ 29.Kb1 Bxc4 30.dxc4 Rd2 31.Qxa4 Rdxb2+ 32.Ka1 Qd2 0-1

[Event "Cto Equipos Aragon 2012 Div. Honor B "]
[Site "Aragon"]
[Date "2012.02.11"]
[Round "2.31"]
[White "Castillo Sanjuan Alejandro"]
[Black "Solano Lasierra Javier"]
[Result "0-1"]
[WhiteElo "2044"]
[BlackElo "2172"]

1.e4 e6 2.d4 d5 3.Nc3 Bb4 4.e5 c5 5.a3 Bxc3+ 6.bxc3 Qa5 7.Bd2 Qa4 8.Qb1 c4 9.
f4 Ne7 10.Nf3 Nbc6 11.g3 Bd7 12.Bh3 O-O-O 13.O-O Rdf8 14.Nh4 Qa5 15.Qd1 g6 16.
Kh1 Nf5 17.Nxf5 gxf5 18.g4 fxg4 19.Bxg4 f5 20.exf6 Rxf6 21.Be1 Rhf8 22.Qd2 h5
23.Bh3 e5 24.Bxd7+ Kxd7 25.dxe5 Nxe5 26.Bh4 Rf5 27.Qd4 Nc6 28.Qe3 Qc7 29.Rad1
Qd6 30.Bg5 b6 31.Qh3 Kc7 32.Qxh5 Qxa3 33.Qh3 d4 34.Qh7+ R8f7 35.Qh8 Qxc3 36.
Rde1 Qxc2 37.Qe8 Qd3 38.Rf2 c3 39.Re6 Qc4 40.Rfe2 Qd5+ 41.Kg1 d3 42.Ra2 Qd7
43.Bd8+ Kb7 0-1

[Event "Cto Equipos Aragon 2012 Div. Honor B "]
[Site "Aragon"]
[Date "2012.02.11"]
[Round "2.32"]
[White "Escuer Sanchez Nestor"]
[Black "Castillo Sanjuan Daniel"]
[Result "1-0"]
[WhiteElo "2099"]
[BlackElo "2019"]

1.d4 Nf6 2.Nf3 g6 3.g3 Bg7 4.Bg2 d6 5.O-O O-O 6.c4 Nbd7 7.Nc3 c5 8.b3 a6 9.Bb2
Rb8 10.a4 Qc7 11.d5 Ne4 12.Qc2 Nxc3 13.Bxc3 b5 14.Bxg7 Kxg7 15.axb5 axb5 16.
Ra2 bxc4 17.bxc4 Rb4 18.Rb1 Rxb1+ 19.Qxb1 Nb6 20.Nd2 e6 21.dxe6 Bxe6 22.Qa1+
Kg8 23.Ne4 Rb8 24.Nf6+ Kf8 25.Nxh7+ Kg8 26.Nf6+ Kf8 27.Ra7 Qd8 28.Nd5 Kg8 29.
Ne7+ Kh7 30.Nc6 Qe8 31.Nxb8 Qxb8 32.Rb7 Qd8 33.Qa5 1-0

[Event "Cto Equipos Aragon 2012 Preferente A"]
[Site "Aragon"]
[Date "2012.02.11"]
[Round "2.33"]
[White "Lana Rodriguez David"]
[Black "Malo Guillen Jose Luis"]
[Result "1-0"]
[WhiteElo "2243"]
[BlackElo "2189"]

1.e4 e5 2.Nf3 d6 3.d4 Nf6 4.Nc3 Nbd7 5.Bc4 Be7 6.O-O O-O 7.Qe2 c6 8.a4 b6 9.
Rd1 Qc7 10.h3 a6 11.Ba2 Bb7 12.Nh4 exd4 13.Nf5 Ne5 14.Rxd4 b5 15.f4 Ng6 16.e5
dxe5 17.fxe5 Nxe5 18.Bf4 Bc5 19.Bxe5 Qd7 20.Qf2 Nd5 21.Bxd5 cxd5 22.Nh6+ Kh8
23.Qf6 1-0

[Event "Cto Equipos Aragon 2012 Preferente A"]
[Site "Aragon"]
[Date "2012.02.11"]
[Round "2.34"]
[White "Alonso Blasco Jose Miguel"]
[Black "Aparicio Navarro Pedro"]
[Result "1/2-1/2"]
[WhiteElo "2119"]
[BlackElo "2181"]

1.e4 c5 2.Nf3 e6 3.c3 Nf6 4.e5 Nd5 5.d4 cxd4 6.cxd4 Nc6 7.Nc3 d6 8.Bb5 Bd7 9.
Nxd5 exd5 10.Qe2 dxe5 11.Bxc6 Bxc6 12.Qxe5+ Qe7 13.O-O Qxe5 14.Nxe5 Bb5 15.Re1
Bb4 16.Re3 O-O 17.Rb3 a5 18.Bd2 Rfc8 19.Bxb4 axb4 20.h3 Ra4 21.a3 f6 22.Ng4
Ba6 23.Ne3 bxa3 24.Nxd5 Rd8 1/2-1/2

[Event "Cto Equipos Aragon 2012 Preferente A"]
[Site "Aragon"]
[Date "2012.02.11"]
[Round "2.35"]
[White "Guzman Moneo Alberto"]
[Black "Javierre Conesa Alfonso"]
[Result "1-0"]
[WhiteElo "2172"]
[BlackElo "2045"]

1.e4 d6 2.Nc3 Nf6 3.f4 g6 4.Nf3 Bg7 5.d4 c5 6.dxc5 Qa5 7.Bd3 Qxc5 8.Qe2 Nc6 9.
Be3 Qa5 10.O-O O-O 11.h3 Nd7 12.Qf2 Nc5 13.Qh4 Nxd3 14.cxd3 e6 15.a3 Qd8 16.
Qf2 f5 17.Rac1 e5 18.Qd2 Nd4 19.Bxd4 exd4 20.Ne2 Re8 21.Ng3 fxe4 22.dxe4 Bd7
23.Nxd4 Qb6 24.Rfd1 Ba4 25.b3 Bc6 26.Qd3 Re7 27.Kh2 Bxd4 28.Qc4+ Kg7 29.Rxd4
Rd8 30.Rcd1 Qa5 31.a4 h5 32.e5 d5 33.Qe2 h4 34.Ne4 Rf8 35.Ng5 Qc3 36.R1d3 Qc1
37.Qg4 Rh8 38.f5 1-0

[Event "Cto Equipos Aragon 2012 Preferente A"]
[Site "Aragon"]
[Date "2012.02.11"]
[Round "2.36"]
[White "Mombiela De Sus Jose Luis"]
[Black "Cerrajeria Ruiz Jesus Maria"]
[Result "0-1"]
[WhiteElo "2034"]
[BlackElo "2141"]

1.b4 d6 2.Bb2 c6 3.c4 Nf6 4.g3 Be6 5.d3 Qb6 6.Bc3 g6 7.Bg2 Bg7 8.Nh3 Na6 9.a3
O-O 10.O-O Rae8 11.Nd2 Nh5 12.Bxg7 Kxg7 13.e4 Bxh3 14.Bxh3 Qd4 15.Nf3 Qb6 16.
Nh4 Qd8 17.Nf5+ Kh8 18.Ne3 e5 19.Kh1 Qg5 20.Qg4 Qxg4 21.Bxg4 Ng7 22.Rad1 f5
23.exf5 gxf5 24.Bh3 f4 25.Nc2 c5 26.Rde1 b6 27.Re4 Nh5 28.Kg1 h6 29.Bg2 Nf6
30.Ree1 Nh7 31.Bc6 Re7 32.f3 Rg7 33.g4 h5 34.h3 Ng5 35.h4 Ne6 36.g5 Nac7 37.
Kh2 Re7 38.Re2 Ng7 39.Kh3 Nf5 40.Ra1 Ne6 41.b5 a6 42.a4 Ra7 43.Ree1 Ned4 44.
Nxd4 Nxd4 45.Be4 Nc2 46.Rac1 Nxe1 47.Rxe1 axb5 48.axb5 Kg7 49.Rg1 Rh8 50.g6
Ra2 51.Rg5 Rh6 52.Rg1 Re2 53.Ra1 Rxe4 54.fxe4 Rxg6 55.Ra6 Rg3+ 56.Kh2 Rxd3 57.
Rxb6 Rd4 58.Rb7+ Kf6 59.b6 Rxc4 60.Rb8 Rb4 61.b7 Kg7 0-1

[Event "Cto Equipos Aragon 2012 Preferente A"]
[Site "Aragon"]
[Date "2012.02.11"]
[Round "2.37"]
[White "Ferreruela Romero Jose Joaquin"]
[Black "Sierra Aguerri Joaquin"]
[Result "1-0"]
[WhiteElo "2020"]
[BlackElo "2086"]

1.Nf3 d5 2.d4 Bf5 3.c4 Bxb1 4.Rxb1 c6 5.cxd5 Qxd5 6.a3 Nd7 7.e3 g6 8.Qc2 Ngf6
9.Bc4 Qf5 10.Bd3 Qh5 11.b4 Bg7 12.h3 O-O 13.e4 e5 14.Rh2 exd4 15.g4 Nxg4 16.
hxg4 Qxg4 17.Qe2 Ne5 18.Nd2 Qg1+ 19.Nf1 f5 20.Bc4+ Kh8 21.Rb3 d3 22.Rxd3 Nxd3+
23.Qxd3 Qg4 24.Qc2 Rfe8 25.Ng3 fxe4 26.Bb2 Qd7 27.Nf1 a5 28.Ne3 axb4 29.Ng4 h5
30.Nf6 Qd6 31.Nxe8 Qxh2 32.Nxg7 Qh1+ 33.Bf1 bxa3 34.Ba1 Kh7 35.Qb3 e3 36.Qxe3
Qd5 37.Ne6 Re8 38.Bh3 Rxe6 39.Qxe6 Qa5+ 40.Kf1 Qb5+ 41.Qe2 Qb1+ 42.Qe1 a2 43.
Bg2 Qd3+ 44.Kg1 Qb1 45.Qf1 b5 46.Kh2 b4 47.Be5 b3 48.Qa6 Qf5 49.Qb7+ Kh6 1-0

[Event "Cto Equipos Aragon 2012 Preferente A"]
[Site "Aragon"]
[Date "2012.02.11"]
[Round "2.38"]
[White "Fernandez Rubio Rafael"]
[Black "Sanmiguel Mateo Luis"]
[Result "1-0"]
[WhiteElo "2064"]
[BlackElo "1958"]

1.c4 Nf6 2.Nc3 e6 3.g3 d5 4.d4 Bd7 5.Bg2 Bc6 6.cxd5 Nxd5 7.e4 Nb6 8.Nge2 Be7
9.O-O a5 10.Nf4 Bd7 11.Nh5 Rg8 12.Re1 Nc6 13.d5 Ne5 14.Nf4 exd5 15.exd5 Ng6
16.Nxg6 hxg6 17.Bf4 Nc8 18.d6 Nxd6 19.Bxd6 cxd6 20.Bxb7 Rb8 21.Nd5 Be6 22.Bc6+
Kf8 23.Nf4 Qc8 24.Qf3 Bf6 25.Rac1 Rxb2 26.Bd5 Qd7 27.Bxe6 fxe6 28.Nxe6+ Kf7
29.Ng5+ Kf8 30.Nh7+ 1-0

[Event "Cto Equipos Aragon 2012 Preferente A"]
[Site "Aragon"]
[Date "2012.02.11"]
[Round "2.39"]
[White "Belmonte Barragan Avelino"]
[Black "Vera Jimenez Andres"]
[Result "1/2-1/2"]
[WhiteElo "1799"]
[BlackElo "2005"]

1.e4 c5 2.Nc3 e6 3.g3 Nc6 4.Bg2 g6 5.d3 Bg7 6.f4 Nge7 7.Nf3 Rb8 8.O-O d6 9.Be3
O-O 10.e5 dxe5 11.Nxe5 Nxe5 12.fxe5 Bxe5 13.Bxc5 Bd4+ 14.Bxd4 Qxd4+ 15.Kh1 Nf5
16.Rf4 Qb6 17.Qd2 Bd7 18.b3 Ne3 19.Rh4 Nxg2 20.Kxg2 Qc6+ 21.Kg1 f5 22.Ne2 e5
23.Rf1 Rbe8 24.c4 Qf6 25.d4 exd4 26.Nf4 Bc6 27.Nd5 Qe5 28.Rxd4 Bxd5 29.Rxd5
Qe3+ 30.Qxe3 Rxe3 31.Rd7 Rf7 32.Rxf7 Kxf7 33.Rf2 Kf6 34.Rd2 Re7 35.Kf2 g5 36.
Rd6+ Ke5 37.Rd2 Rc7 38.Ke3 Rf7 39.Rd5+ Ke6 40.Rd4 h5 41.h4 f4+ 42.gxf4 gxh4
43.f5+ Rxf5 44.Rxh4 Ke5 45.b4 1/2-1/2

[Event "Cto Equipos Aragon 2012 Preferente A"]
[Site "Aragon"]
[Date "2012.02.11"]
[Round "2.41"]
[White "Antonano Fedz-Quincoces Avelin"]
[Black "Alonso Fdez-Revuelta Rodrigo"]
[Result "1/2-1/2"]
[WhiteElo "2127"]
[BlackElo "2021"]

1.Nf3 d5 2.b3 Nf6 3.Bb2 g6 4.g3 Bg7 5.Bg2 O-O 6.c4 c6 7.O-O Qb6 8.Na3 Na6 9.
cxd5 cxd5 10.Bd4 Qa5 11.Nc2 Nc7 12.a4 Bf5 13.b4 Qa6 14.b5 Qe6 15.Ra3 Rfc8 16.
Ne3 Bh3 17.Qa1 Bxg2 18.Kxg2 Nfe8 19.Bxg7 Nxg7 20.Rc1 Nf5 21.Nxf5 Qxf5 22.Rac3
Ne8 23.Rxc8 Rxc8 24.Rxc8 Qxc8 25.Qd4 a6 26.bxa6 bxa6 27.Qxd5 Nd6 28.e4 Qc4 29.
Qa8+ Kg7 30.e5 Nf5 31.a5 e6 32.Qd8 Qd5 33.Qxd5 exd5 34.Kf1 f6 35.Ke2 Ne7 36.
exf6+ Kxf6 37.Nd4 Ke5 38.Kd3 Kd6 39.f4 Kc5 40.g4 Kb4 41.f5 gxf5 42.gxf5 Kxa5
43.f6 Ng6 44.Ne6 Kb4 45.f7 Ne5+ 46.Kd4 Nxf7 47.Kxd5 a5 48.Nf4 a4 49.Nd3+ Kb3
50.Nc5+ Kc2 51.Nxa4 Kxd2 52.Ke6 Nh6 53.h3 1/2-1/2

[Event "Cto Equipos Aragon 2012 Preferente A"]
[Site "Aragon"]
[Date "2012.02.11"]
[Round "2.42"]
[White "Lucea Valero Alejandro"]
[Black "Juberias Segura Santiago"]
[Result "1/2-1/2"]
[WhiteElo "1962"]
[BlackElo "2045"]

1.Nf3 Nf6 2.c4 c5 3.Nc3 Nc6 4.g3 g6 5.Bg2 Bg7 6.O-O O-O 7.d3 d6 8.Nd2 Rb8 9.f4
Nd4 10.Nb3 a6 11.Nxd4 cxd4 12.Nd5 Bf5 13.h3 Nxd5 14.cxd5 h5 15.b3 Rc8 16.Bb2
Qa5 17.Qe1 Qxe1 18.Rfxe1 Rc2 19.Ba3 Rfc8 20.Kf1 a5 21.Rec1 g5 22.Rxc2 Rxc2 23.
Bc1 g4 24.h4 Kf8 25.Bh1 b6 26.Ke1 Bc8 27.Kd1 Rc7 28.Bd2 Bb7 29.Be4 Bc8 30.Rc1
Rxc1+ 31.Kxc1 f5 32.Bg2 Ke8 33.Kc2 Kd8 34.b4 axb4 35.Kb3 Kc7 36.Kxb4 Bb7 37.
Kb5 e6 38.e4 exd5 1/2-1/2

[Event "Cto Equipos Aragon 2012 Preferente A"]
[Site "Aragon"]
[Date "2012.02.11"]
[Round "2.43"]
[White "Cebollada Pacheco Jesus Raul"]
[Black "Buil Montanes Carlos"]
[Result "0-1"]
[WhiteElo "2028"]
[BlackElo "1924"]

1.e4 c5 2.Nf3 e6 3.d4 cxd4 4.Nxd4 Nc6 5.Nc3 Qc7 6.Be3 a6 7.Qd2 Nf6 8.f3 Bb4 9.
O-O-O O-O 10.g4 d6 11.h4 Ne5 12.a3 Bxc3 13.Qxc3 Qxc3 14.bxc3 Bd7 15.Nb3 Nxf3
16.g5 Ng4 17.Bb6 Nfe5 18.Na5 Bc6 19.Nxc6 Nxc6 20.Rxd6 Nge5 21.Be2 Rac8 22.Kb2
Nb8 23.Kb3 Rc6 24.Rhd1 Rxd6 25.Rxd6 Nbd7 26.Bd4 Rc8 27.h5 g6 28.hxg6 hxg6 29.
c4 Kf8 30.Bc3 Ke8 31.Rd1 Nc6 32.Rh1 $4 Nc5+ 33.Ka2 Nxe4 34.Bf6 Nxf6 35.gxf6
Kd7 36.Bf3 Kc7 37.Rh7 Rf8 38.Bg4 Kd6 39.Rh1 Ne5 40.Rd1+ Kc7 41.Be2 Nd7 42.Rf1
Rh8 43.Bf3 Rh6 44.Rb1 Nc5 45.Rg1 Rh4 46.Kb2 Rf4 47.Rg5 Na4+ 48.Kb3 Rxf3+ 49.
Kxa4 Rxf6 50.Rc5+ Kd7 51.Rg5 Rf5 0-1

[Event "Cto Equipos Aragon 2012 Preferente A"]
[Site "Aragon"]
[Date "2012.02.11"]
[Round "2.44"]
[White "Minguez Guinda Andres"]
[Black "Zambrana Petisme Ramiro"]
[Result "0-1"]
[WhiteElo "1923"]
[BlackElo "1668"]

1.e4 c5 2.Nc3 d6 3.g3 Nf6 4.Bg2 g6 5.Nge2 Nc6 6.d4 cxd4 7.Nxd4 Nxd4 8.Qxd4 Bg7
9.O-O O-O 10.Nd5 Nxd5 11.Qxd5 Qc7 12.c3 Be6 13.Qd2 Rac8 14.f4 Rfd8 15.Re1 b6
16.Qf2 Qb8 17.Bd2 Rc7 18.h3 Rdc8 19.Bf1 b5 20.a3 a5 21.g4 b4 22.axb4 axb4 23.
Ba6 Rd8 24.Rac1 Rc6 25.Bf1 Rdc8 26.cxb4 Rxc1 27.Rxc1 Rxc1 28.Bxc1 Qxb4 29.Qc2
d5 30.e5 f6 31.f5 gxf5 32.gxf5 Bf7 33.e6 Be8 34.Qg2 Qc5+ 0-1

[Event "Cto Equipos Aragon 2012 Preferente A"]
[Site "Aragon"]
[Date "2012.02.11"]
[Round "2.45"]
[White "Neila Castillo Miguel Angel"]
[Black "Dominguez Bujeda Jesus"]
[Result "1/2-1/2"]
[WhiteElo "2071"]
[BlackElo "2127"]

1.c4 e6 2.g3 d5 3.Bg2 Nf6 4.Nf3 Be7 5.O-O O-O 6.d4 Nbd7 7.Nc3 c6 8.b3 b6 9.Bb2
Ba6 10.Nd2 Rc8 11.e4 dxe4 12.Ndxe4 c5 13.d5 exd5 14.Nxd5 Nxd5 15.Qxd5 Nf6 16.
Qe5 Rc6 17.Rad1 Qc7 18.Rfe1 Bc8 19.Ng5 Rd6 20.Rd5 h6 21.Ne4 Rd7 22.Rxd7 Qxe5
23.Bxe5 Nxd7 24.Bd6 Re8 25.Nxc5 Kf8 26.Nxd7+ Bxd7 27.Rxe7 Rxe7 28.Kf1 Ke8 29.
Bxe7 Kxe7 30.Ke2 Kd6 31.Kd3 Kc5 32.Kc3 g5 33.b4+ Kd6 34.f4 gxf4 35.gxf4 f6 36.
Kd4 Bg4 37.c5+ Kc7 38.Kd5 Bd7 39.Kd4 a5 40.bxa5 bxa5 41.Bd5 Bf5 42.a3 Bg6 43.
Be6 Bh5 44.Bd5 Bg6 45.Be4 Bf7 46.f5 Be8 47.Bf3 Bf7 48.Ke3 Bg8 49.Kf4 Bc4 50.
Kg4 Bf7 51.Kh4 Be8 1/2-1/2

[Event "Cto Equipos Aragon 2012 Preferente A"]
[Site "Aragon"]
[Date "2012.02.11"]
[Round "2.46"]
[White "Martin Catalan Juan Vicente"]
[Black "Pes Mateo Angel"]
[Result "1/2-1/2"]
[WhiteElo "2105"]
[BlackElo "2069"]

1.d4 Nf6 2.c4 d6 3.Nc3 e5 4.dxe5 dxe5 5.Qxd8+ Kxd8 6.Nf3 Nfd7 7.a3 a5 8.e3 c6
9.Be2 Na6 10.O-O Be7 11.Rd1 Kc7 12.Bd2 f6 13.Be1 Rd8 14.Kf1 b6 15.h3 Bb7 16.
Bd3 g6 17.Be2 Ndc5 18.Rxd8 Rxd8 19.Rd1 Rxd1 20.Nxd1 Nb3 21.Nc3 Nac5 22.Nd2 Ba6
23.Nxb3 Nxb3 24.Nb1 Nc1 25.Nd2 Nxe2 26.Kxe2 f5 27.f3 1/2-1/2

[Event "Cto Equipos Aragon 2012 Preferente A"]
[Site "Aragon"]
[Date "2012.02.11"]
[Round "2.47"]
[White "Andres Terrado Miguel Angel"]
[Black "Arpa Pardo Emilio"]
[Result "0-1"]
[WhiteElo "2069"]
[BlackElo "2047"]

1.e4 e5 2.Nf3 Nc6 3.Bc4 Nf6 4.d3 Be7 5.O-O d6 6.c3 Na5 7.Nbd2 O-O 8.h3 h6 9.
Qe2 Re8 10.Re1 Bf8 11.Nf1 c6 12.a4 Be6 13.Bxe6 Rxe6 14.Be3 b6 15.Ng3 g6 16.
Rad1 Qe8 17.Nh2 d5 18.Ng4 Nxg4 19.hxg4 Rd8 20.Qf3 d4 21.cxd4 exd4 22.Bd2 c5
23.Ne2 Nb3 24.Nf4 Nxd2 25.Rxd2 Rf6 26.Qg3 Bd6 27.Nd5 Re6 28.f4 Bb8 29.Rf1 g5
30.Qh3 gxf4 31.g3 Rxd5 32.exd5 Re3 33.Rg2 Rxd3 34.Qxh6 Qe3+ 35.Rgf2 Qxg3+ 36.
Kh1 Qh3+ 37.Qxh3 Rxh3+ 38.Kg1 Re3 39.Rh2 d3 40.Rd1 c4 41.Rh6 Re2 42.Rc6 Kg7
43.Rxc4 d2 44.Rd4 Re1+ 0-1

[Event "Cto Equipos Aragon 2012 Preferente A"]
[Site "Aragon"]
[Date "2012.02.11"]
[Round "2.48"]
[White "Barcena Laguia Francisco"]
[Black "Fleta Marin Sergio"]
[Result "1-0"]
[WhiteElo "1922"]
[BlackElo "1669"]

1.d4 d5 2.Nf3 Nf6 3.Bf4 c6 4.e3 Bg4 5.Nbd2 Nbd7 6.Bd3 e6 7.h3 Bh5 8.Qe2 c5 9.
c3 Qb6 10.Rb1 Bd6 11.Bxd6 Qxd6 12.O-O g5 13.g4 c4 14.Bc2 Bg6 15.Bxg6 hxg6 16.
Nxg5 Rh4 17.f4 Ke7 18.e4 dxe4 19.Ndxe4 Qd5 20.Rbe1 Rah8 21.Nxf6 Nxf6 22.Qf3
Qxf3 23.Rxf3 Nxg4 24.hxg4 Rh1+ 25.Kf2 R1h2+ 26.Kg3 Rxb2 27.f5 gxf5 28.Rxf5 Rf8
29.d5 Rc2 30.Rf3 Kd6 31.dxe6 Rxa2 32.Rxf7 Re8 33.Rxb7 Ra5 34.Rg7 Ra3 35.Kf4
Rxc3 36.Ne4+ 1-0

[Event "Cto Equipos Aragon 2012 Preferente A"]
[Site "Aragon"]
[Date "2012.02.11"]
[Round "2.49"]
[White "Planas Torrea Francisco Javier"]
[Black "Veras Sanz Marino"]
[Result "1-0"]
[WhiteElo "2007"]
[BlackElo "2037"]

1.e4 c5 2.Nf3 Nc6 3.Bb5 g6 4.Bxc6 bxc6 5.d3 Bg7 6.O-O d6 7.Nbd2 e6 8.Re1 e5 9.
Nc4 Ne7 10.Bg5 O-O 11.h3 f6 12.Bd2 Be6 13.Ne3 Rb8 14.b3 d5 15.Qe2 Bf7 16.Rad1
Qc7 17.Bc1 Rfd8 18.a4 Bf8 19.Ng4 Bg7 20.Nh6+ Bxh6 21.Bxh6 dxe4 22.dxe4 Rxd1
23.Rxd1 c4 24.b4 Rd8 25.c3 Nc8 26.a5 Rxd1+ 27.Qxd1 Qd6 28.Qe2 Qd3 29.Qe3 Qxe3
30.Bxe3 Kf8 31.Bc5+ Ke8 32.Nd2 a6 33.Kf1 Kd7 34.Ke2 g5 35.Nf1 Nd6 36.Bxd6 Kxd6
37.Ne3 Be6 38.Kd2 Kc7 39.Nd1 Kd6 40.Nb2 Kc7 41.Na4 Bc8 42.Nc5 Kd6 43.Ke3 Ke7
44.Kf3 h5 45.Kg3 Kf7 46.Kf3 Ke7 47.g3 Kf7 48.h4 gxh4 49.gxh4 Ke7 50.Ke3 Kd6
51.f4 Ke7 52.Na4 Kd6 53.f5 Bb7 54.Nb6 c5 55.Nxc4+ Kc6 56.Kd3 cxb4 57.cxb4 Kd7
58.Nd2 Kc6 59.Kc4 Kd6 60.b5 axb5+ 61.Kxb5 Bc6+ 62.Kb6 Kd7 63.Nb3 Kd6 64.Nc5
Ba8 65.a6 Bc6 66.Nb7+ 1-0

[Event "Cto Equipos Aragon 2012 Preferente A"]
[Site "Aragon"]
[Date "2012.02.11"]
[Round "2.50"]
[White "Bayod Rubia Angel"]
[Black "Planas Torrea Alberto"]
[Result "1/2-1/2"]
[WhiteElo "2036"]
[BlackElo "1920"]

1.e4 d5 2.exd5 Qxd5 3.Nc3 Qd6 4.h3 Nf6 5.Bb5+ Nbd7 6.Nf3 a6 7.Bxd7+ Bxd7 8.d3
O-O-O 9.Qe2 h6 10.Bd2 g5 11.O-O-O Bg7 12.Rhe1 Be6 13.a3 Nd5 14.d4 Nf4 15.Bxf4
Qxf4+ 16.Qe3 Qxe3+ 17.Rxe3 Rhe8 18.Ne5 c6 19.Ne4 Bxe5 20.dxe5 Rxd1+ 21.Kxd1
Rd8+ 22.Ke1 Rd5 23.Nc3 Rd4 24.Ne2 Rd5 25.Nc3 Rd4 26.Ne2 Rd5 27.Nc3 1/2-1/2

[Event "Cto Equipos Aragon 2012 Preferente A"]
[Site "Aragon"]
[Date "2012.02.11"]
[Round "2.51"]
[White "Marcellan Peire Jesus Eduardo"]
[Black "Galve Guinea Alejandro"]
[Result "1-0"]
[WhiteElo "1865"]
[BlackElo "2033"]

1.d4 Nf6 2.c4 g6 3.Nc3 d5 4.Nf3 Bg7 5.Bf4 O-O 6.e3 c5 7.Qb3 dxc4 8.Bxc4 Nc6 9.
Ne5 Na5 10.Bxf7+ Kh8 11.Qd1 cxd4 12.exd4 e6 13.Bg5 Nc6 14.Nxg6+ hxg6 15.Bxg6
Qxd4 16.O-O Qxd1 17.Raxd1 Ne5 18.Bb1 b6 19.Nb5 Nd5 20.Rd4 Bb7 21.Rh4+ Kg8 22.
Bh7+ Kf7 23.Nd6# 1-0

[Event "Cto Equipos Aragon 2012 Preferente A"]
[Site "Aragon"]
[Date "2012.02.11"]
[Round "2.52"]
[White "Bailo Remacha Santiago"]
[Black "Laborda Aranda Oscar"]
[Result "1-0"]
[WhiteElo "2027"]
[BlackElo "1692"]

1.c4 c6 2.Nc3 d5 3.cxd5 cxd5 4.d4 Nf6 5.g3 e6 6.Bg2 Be7 7.Nf3 Nc6 8.O-O a6 9.
a4 Bd7 10.Ne5 O-O 11.e4 Nxe5 12.dxe5 Nxe4 13.Nxe4 dxe4 14.Bxe4 Rb8 15.Qc2 g6
16.Rd1 Qc8 17.Qxc8 Bxc8 18.Bh6 Rd8 19.Rxd8+ Bxd8 20.Rd1 Be7 21.Kg2 f5 22.Bf3
Kf7 23.h4 b6 24.Bg5 Bxg5 25.hxg5 Ke7 26.Bc6 b5 27.a5 b4 28.b3 Kf8 29.Rd8+ Kf7
30.f3 Ke7 31.Rh8 1-0

[Event "Cto Equipos Aragon 2012 Preferente B"]
[Site "Aragon"]
[Date "2012.02.11"]
[Round "2.53"]
[White "Salamero Pelay Fernando"]
[Black "Cebrian Valverde Jose Antonio"]
[Result "1-0"]
[WhiteElo "2123"]
[BlackElo "2142"]

1.d4 d5 2.Nc3 e6 3.Bf4 g5 4.Be5 f6 5.Bg3 c5 6.e4 cxd4 7.Qh5+ Kd7 8.Bb5+ Nc6 9.
exd5 exd5 10.O-O-O Ke6 11.Nf3 dxc3 12.Rhe1+ Ne5 13.Nxg5+ Kd6 14.Nf7+ Kc5 15.
Nxd8 Bg4 16.Rxe5 Bxh5 17.Rdxd5+ Kb6 18.Re6+ Ka5 19.Nxb7+ 1-0

[Event "Cto Equipos Aragon 2012 Preferente B"]
[Site "Aragon"]
[Date "2012.02.11"]
[Round "2.54"]
[White "Gutierrez Mingueza Ruben"]
[Black "Gella Lopez Angel"]
[Result "1/2-1/2"]
[WhiteElo "2074"]
[BlackElo "2080"]

1.d4 Nf6 2.c4 c5 3.d5 e6 4.Nc3 exd5 5.cxd5 d6 6.Nf3 g6 7.h3 Bg7 8.e4 O-O 9.Bd3
Nh5 10.O-O Nd7 11.g4 Nhf6 12.Bf4 Ne8 13.Qe2 Ne5 14.Nxe5 dxe5 15.Bg3 Nd6 16.f4
exf4 17.Bxf4 Bd4+ 18.Kg2 f6 19.Nb5 Nxb5 20.Bxb5 Bd7 21.Bd3 Qe8 22.Bd6 Rf7 23.
Rac1 Rc8 24.g5 Be5 25.Bxc5 fxg5 26.Rxf7 Qxf7 27.Rf1 Bxh3+ 28.Kxh3 Qd7+ 29.Qg4
Qxg4+ 30.Kxg4 Rxc5 31.Kxg5 Bxb2 32.Rb1 Bc1+ 33.Kf6 Rc7 34.d6 Rf7+ 35.Ke6 Bg5
36.e5 b6 37.Rg1 Be3 38.Re1 Bg5 39.Kd5 Rf3 40.Be4 Rf2 41.Kc6 Kf8 42.e6 Ke8 43.
Rh1 Rf6 44.Rxh7 Rxe6 45.Rh8+ Kf7 46.Bd5 Kg7 47.Bxe6 Kxh8 48.Kb7 a5 49.Kxb6
Bd8+ 50.Kb7 Kg7 51.Kc8 Bb6 52.d7 Kf6 53.Bh3 Ke7 54.Kb7 Bd8 55.Kc8 1/2-1/2

[Event "Cto Equipos Aragon 2012 Preferente B"]
[Site "Aragon"]
[Date "2012.02.11"]
[Round "2.55"]
[White "Laplaza Ara Carlos"]
[Black "Palomar Ramon Santiago"]
[Result "1-0"]
[WhiteElo "2011"]
[BlackElo "2029"]

1.d4 Nf6 2.c4 e6 3.Nf3 d5 4.cxd5 exd5 5.Nc3 c6 6.Bg5 Nbd7 7.e3 Qa5 8.Nd2 Ne4
9.Ndxe4 dxe4 10.Bf4 Nb6 11.Bc7 Be6 12.Qc2 Bb4 13.Be2 O-O 14.O-O Bxc3 15.bxc3
Qf5 16.c4 Rac8 17.Bg3 Nd7 18.Qb2 b6 19.Rfd1 Nf6 20.h3 g5 21.Be5 g4 22.Bxf6
Qxf6 23.Bxg4 Bxg4 24.hxg4 c5 25.Qe2 cxd4 26.Rxd4 Rc5 27.Rad1 Qe6 28.Qb2 Re8
29.Rd8 Rc8 30.Rxe8+ Rxe8 31.Qb5 Kf8 32.Rd7 a6 33.Qd5 Qxd5 34.Rxd5 Re6 35.a4
Ke7 36.Kf1 Kf6 37.Ke2 Re5 38.Rxe5 Kxe5 39.Kd2 f5 40.gxf5 Kxf5 41.Kc3 Ke5 42.
f4+ exf3 43.gxf3 h5 44.Kd3 Kd6 45.f4 Kc5 46.f5 h4 47.Ke2 Kxc4 48.f6 Kb4 49.f7
Kxa4 50.f8=Q b5 51.Qf6 a5 52.Qxh4+ b4 53.Qc4 Ka3 54.Qc1+ Kb3 55.Qb1+ Ka4 56.
Qa2+ Kb5 57.Qb3 1-0